000 00796nam a22002657a 4500
003 DO-SdBPM
005 20260217081926.0
007 ta
008 171128b1979 cu| |||| 00| 0 spa d
040 _aDO-SdBPM
_bspa
_cBPMSU
_erda
082 4 _a923.1097291
_bC355d 1979
_222
100 1 _aCastro, Fidel
_d1926-2016.
_4aut.
_eautor
210 _2
245 _aDiscursos /
_cFidel Castro
260 _c
264 _aLa Habana :
_bCiencias Sociales,
_c1979
300 _av. ;
_c23 cm.
_e
336 _atexto
_btxt
_2rdacontent
337 _asin mediación
_bn
_2rdamedia
338 _avolumen
_bnc
_2rdacarrier
590 _aInventariado, 2026/VM
600 1 7 _aCastro, Fidel,
_d 1926-2016
_xPensamiento político y social
910 _aVMateo V. Control de calidad. BPMSU
942 _2ddc
_cBK
999 _c13159
_d13159